| 000 | 00758nam a2200241 i 4500 | ||
|---|---|---|---|
| 001 | 18523 | ||
| 003 | ES-MaACL | ||
| 005 | 20230906151847.0 | ||
| 007 | t| | ||
| 008 | 020129s1983 sp f |||| | spa d | ||
| 020 | _a84-7178-671-0 | ||
| 080 | _a342.4(46)"1978"(04) | ||
| 100 | 1 |
_aAttard, Emilio. _923769 |
|
| 245 | 1 | 3 |
_aLa Constitución por dentro _b: evocaciones del proceso constituyente : valores, derechos y libertades / _cEmilio Attard. |
| 250 | _a1ª ed. | ||
| 260 |
_aBarcelona : _bArgos Vergara, _c1983. |
||
| 300 |
_a318 p., 2 p. de lám. ; _c22 cm. |
||
| 490 | 1 |
_aPrimera plana ; _v33 |
|
| 610 | 1 | 4 |
_aEspaña. _tConstitución, 1978. _93657 |
| 830 | 0 |
_aPrimera plana ; _v33 _9180521 |
|
| 852 |
_aES-MaACL _jG-4728 |
||
| 999 |
_c18523 _d18523 |
||